| 000 | 00948nam a22002537a 4500 | ||
|---|---|---|---|
| 005 | 20240530110558.0 | ||
| 008 | 160308s2012 ua g 000 0 ara d | ||
| 017 |
_a22205 _bمصر . دار الكتب المصرية |
||
| 020 | _a9789773582718 | ||
| 040 | _aEG-CaGPL | ||
| 082 | 0 | 4 |
_221 _a070\ _bت ص |
| 100 | 1 | _a تشابمان ، جين | |
| 245 | 1 | 2 |
_aالصحافة اليوم = _bjournalismtoday / _cتاليف جين تشابمان ، نك نوتول ؛ ترجمة احمد المغربى . |
| 250 | _aط1. | ||
| 260 |
_aالقاهرة : _bدار الفجر للنشر و التوزيع ، _c2012 . |
||
| 300 |
_a316 ص ؛ _c24 سم . |
||
| 650 | 0 | 4 | _aالصحافة . |
| 650 | 0 | 4 |
_aالصحافة _xتحرير . |
| 650 | 0 | 4 | _aحرية الصحافة . |
| 700 | 0 |
_aاحمد المغربى . _eمترجم |
|
| 700 | 1 |
_aنوتول ، نك _eمؤلف مشارك |
|
| 942 |
_2ddc _cBK |
||
| 999 |
_c62604 _d62604 |
||